[Event "Final do II Circuito LXSBC - Grupo A"]
[Site "www.xadreztotal.com.br"]
[Date "1927.??.??"]
[Round "6.5"]
[White "Bispo, Leonardo"]
[Black "Batista, Renato Luiz"]
[Result "1-0"]
[WhiteElo "2202"]
[BlackElo "2183"]
[Annotator ",Microsoft"]
[PlyCount "101"]
[EventDate "1922.??.??"]

1. d4 Nf6 2. c4 e6 3. Nf3 d5 4. Nc3 c5 5. cxd5 exd5 6. Bg5 Be7 7. dxc5 O-O 8.
e3 Be6 9. Qc2 Nbd7 10. Be2 Nxc5 11. O-O Rc8 12. Rac1 Nce4 13. Qa4 Nxc3 14. bxc3
a6 15. Bd3 h6 16. Bh4 Nd7 17. Bxe7 Qxe7 18. Qb4 Nc5 19. Bb1 Qf6 20. Nd4 Rc7 21.
a4 Rfc8 22. a5 Bd7 23. Rfd1 g6 24. Ne2 Be6 25. Nf4 Qe5 26. h4 h5 27. Rd4 Nd7
28. Qa3 Nf8 29. Ba2 Rd7 30. Rcd1 Rcd8 31. Nd3 Qd6 32. Qb4 Rc7 33. Nf4 Qc5 34.
Nxd5 Bxd5 35. Bxd5 Rb8 36. Rc4 Qe7 37. Qxe7 Rxe7 38. Rb1 Ne6 39. Rb6 Kf8 40. g3
Ke8 41. Kf1 Kd8 42. e4 Ke8 43. f4 Nd8 44. Rcb4 Rc8 45. c4 Rc5 46. Ra4 Nc6 47.
Kf2 Nxa5 48. Ke3 Rec7 49. Kd4 Kf8 50. e5 Ke8 51. e6 {time} 1-0

[Event "Final do II Circuito LXSBC - Grupo A"]
[Site "www.xadreztotal.com.br"]
[Date "1928.??.??"]
[Round "7.1"]
[White "Batista, Renato Luiz"]
[Black "Proudian, Armen"]
[Result "1-0"]
[WhiteElo "2183"]
[BlackElo "2094"]
[PlyCount "69"]
[EventDate "1922.??.??"]

1. e4 e5 2. Nf3 Nc6 3. Bb5 Bc5 4. O-O Nd4 5. Nxd4 Bxd4 6. c3 Bb6 7. d4 c6 8.
Ba4 d6 9. Kh1 Nf6 10. Bc2 Bg4 11. f3 Bh5 12. Na3 Qe7 13. Nc4 Bc7 14. dxe5 dxe5
15. b3 Rd8 16. Qe2 Qe6 17. Ba3 Kd7 18. b4 Ke8 19. Bb3 Qc8 20. Rad1 b5 21. Ne3
Rxd1 22. Rxd1 Nxe4 23. Bb2 Nd6 24. c4 f6 25. cxb5 cxb5 26. Nd5 Qb7 27. Bxe5
fxe5 28. Qxe5+ Kd8 29. Nxc7 Qxc7 30. Rxd6+ Kc8 31. Be6+ Kb8 32. Qxb5+ Qb7 33.
Qxh5 Qxb4 34. Qe5 Qb1+ 35. Rd1+ 1-0

[Event "Final do II Circuito LXSBC - Grupo A"]
[Site "www.xadreztotal.com.br"]
[Date "1928.??.??"]
[Round "7.2"]
[White "Gerbelli Neto, Eduardo"]
[Black "Bispo, Leonardo"]
[Result "1-0"]
[WhiteElo "2171"]
[BlackElo "2202"]
[PlyCount "171"]
[EventDate "1922.??.??"]

1. e4 e5 2. Nf3 Nf6 3. Bc4 Nxe4 4. Nc3 Nd6 5. Bb3 Nc6 6. Qe2 Be7 7. Nxe5 O-O 8.
O-O Bf6 9. Ng4 Nd4 10. Nxf6+ Qxf6 11. Qg4 c6 12. d3 N6f5 13. Ne4 Qg6 14. Qxg6
hxg6 15. c3 Ne2+ 16. Kh1 d5 17. Ng5 Nxc1 18. Raxc1 f6 19. Nf3 Be6 20. Rfe1 Bf7
21. g4 Nd6 22. Re7 Rfe8 23. Rd7 Rad8 24. Rxd8 Rxd8 25. Re1 Kf8 26. Kg2 g5 27.
d4 Bg6 28. h4 gxh4 29. Nxh4 Be4+ 30. f3 Bh7 31. Kf2 Re8 32. Ng2 g5 33. Rxe8+
Kxe8 34. Ne3 a5 35. Ke2 Ke7 36. Kd2 Bg8 37. Bc2 Be6 38. b3 Bc8 39. c4 dxc4 40.
bxc4 Be6 41. Kc3 b5 42. d5 Nxc4 43. Nxc4 Bxd5 44. Nxa5 Bxf3 45. Bf5 c5 46. Nb3
Kd6 47. Nd2 b4+ 48. Kd3 Bd5 49. Nc4+ Kc7 50. a3 bxa3 51. Nxa3 Bf3 52. Nb5+ Kc6
53. Nc3 Kd6 54. Ke3 Bxg4 55. Bxg4 Ke5 56. Na4 f5 57. Be2 g4 58. Nxc5 f4+ 59.
Kf2 f3 60. Bf1 Kd5 61. Nd3 Kd4 62. Kg3 Ke3 63. Kxg4 Ke4 64. Kg3 Ke3 65. Ne5 Ke4
66. Nxf3 Ke3 67. Bc4 Ke4 68. Kf2 Kf5 69. Ke3 Kf6 70. Kf4 Kg6 71. Ke5 Kh5 72.
Bd3 Kg4 73. Ke4 Kg3 74. Ke3 Kg4 75. Bg6 Kh3 76. Nd4 Kg4 77. Ne6 Kg3 78. Bh5 Kh4
79. Be2 Kg3 80. Nd4 Kh4 81. Kf4 Kh3 82. Nf5 Kg2 83. Ke3 Kh3 84. Kf2 Kh2 85. Bg4
Kh1 86. Ng3+ 1-0

[Event "Final do II Circuito LXSBC - Grupo A"]
[Site "www.xadreztotal.com.br"]
[Date "1928.??.??"]
[Round "7.4"]
[White "Quintiliano Pinto, Renato R"]
[Black "Barbosa, Fernando"]
[Result "1-0"]
[WhiteElo "2172"]
[BlackElo "2070"]
[PlyCount "35"]
[EventDate "1922.??.??"]

1. d4 d5 2. c4 dxc4 3. Nf3 Nf6 4. e3 Bg4 5. Bxc4 e6 6. O-O Nbd7 7. h3 Bh5 8.
Nc3 Bd6 9. e4 e5 10. g4 Bg6 11. dxe5 Nxe5 12. Nxe5 Bxe5 13. f4 Bd4+ 14. Kh2 h5
15. f5 Nxg4+ 16. Kg2 Ne5 17. fxg6 Nxc4 18. Qa4+ 1-0

[Event "Final do II Circuito LXSBC - Grupo A"]
[Site "www.xadreztotal.com.br"]
[Date "1928.??.??"]
[Round "7.5"]
[White "Campelo, Leandro Fabricio"]
[Black "Maia, Luciano Malta"]
[Result "1/2-1/2"]
[WhiteElo "2231"]
[BlackElo "2322"]
[PlyCount "26"]
[EventDate "1922.??.??"]

1. e4 d6 2. d4 Nf6 3. Nc3 e5 4. Nf3 Nbd7 5. Bc4 Be7 6. O-O O-O 7. Bg5 c6 8. a4
h6 9. Bh4 Re8 10. dxe5 dxe5 11. Bg3 Qc7 12. Qe2 Bf8 13. Rad1 Nb6 1/2-1/2

[Event "Final do II Circuito LXSBC - Grupo A"]
[Site "www.xadreztotal.com.br"]
[Date "1929.??.??"]
[Round "8.1"]
[White "Proudian, Armen"]
[Black "Maia, Luciano Malta"]
[Result "1/2-1/2"]
[WhiteElo "2094"]
[BlackElo "2322"]
[PlyCount "52"]
[EventDate "1922.??.??"]

1. e4 d6 2. d4 Nf6 3. Nc3 e5 4. Nf3 Nbd7 5. Bc4 Be7 6. O-O O-O 7. Bg5 c6 8.
dxe5 dxe5 9. Qe2 b5 10. Bb3 a6 11. Rad1 Qc7 12. Nh4 Nc5 13. Nf5 a5 14. Bxf6
Bxf6 15. Qe3 Ne6 16. Bxe6 Bxe6 17. Qc5 Rac8 18. Nd6 Be7 19. f4 Rfd8 20. fxe5 f6
21. Qe3 Bxd6 22. exd6 Rxd6 23. Qc5 Rxd1 24. Rxd1 Qe5 25. Qd4 Qxd4+ 26. Rxd4 Kf7
1/2-1/2

[Event "Final do II Circuito LXSBC - Grupo A"]
[Site "www.xadreztotal.com.br"]
[Date "1929.??.??"]
[Round "8.2"]
[White "Barbosa, Fernando"]
[Black "Campelo, Leandro Fabricio"]
[Result "0-1"]
[WhiteElo "2070"]
[BlackElo "2231"]
[PlyCount "84"]
[EventDate "1922.??.??"]

1. e4 e6 2. d4 d5 3. Nc3 Bb4 4. e5 c5 5. a3 Bxc3+ 6. bxc3 Qc7 7. Nf3 Bd7 8. Bd3
Ba4 9. O-O Ne7 10. Re1 h6 11. Rb1 Nd7 12. Bd2 c4 13. Bf1 O-O-O 14. h3 Rdg8 15.
Nh2 Kb8 16. Rb2 Ka8 17. Be2 g5 18. Bh5 Rf8 19. Ng4 Nf5 20. f4 Qd8 21. fxg5 hxg5
22. Nh2 Ng3 23. Bf3 Rfg8 24. Qc1 Bc6 25. Ng4 Ne4 26. Bxe4 dxe4 27. Rf1 Qe7 28.
Rb4 Bd5 29. a4 Rg6 30. Be3 Rhg8 31. a5 f5 32. exf6 Nxf6 33. a6 Nxg4 34. axb7+
Bxb7 35. hxg4 Qh7 36. Rf2 Rh6 37. Kf1 Rh1+ 38. Ke2 Rxc1 39. Bxc1 e3 40. Bxe3
Qxc2+ 41. Bd2 Qd3+ 42. Ke1 Rh8 0-1

[Event "Final do II Circuito LXSBC - Grupo A"]
[Site "www.xadreztotal.com.br"]
[Date "1929.??.??"]
[Round "8.3"]
[White "Zampronha, Wladimir Camilo"]
[Black "Quintiliano Pinto, Renato R"]
[Result "1/2-1/2"]
[WhiteElo "2170"]
[BlackElo "2172"]
[PlyCount "105"]
[EventDate "1922.??.??"]

1. c4 c5 2. Nc3 Nc6 3. Nf3 g6 4. g3 Bg7 5. Bg2 e5 6. O-O Nge7 7. d3 d6 8. Bd2
O-O 9. a3 h6 10. Ne1 Be6 11. Nd5 Rb8 12. b4 b5 13. Nxe7+ Nxe7 14. cxb5 Rxb5 15.
a4 Rb8 16. bxc5 dxc5 17. Be3 Qd6 18. Qc1 Rfc8 19. Bxh6 Bxh6 20. Qxh6 Nf5 21.
Qg5 Rb2 22. e4 Nd4 23. f4 exf4 24. gxf4 Kg7 25. f5 Bxf5 26. exf5 Ne2+ 27. Kh1
Rh8 28. f6+ Kg8 29. Nf3 Rxh2+ 30. Nxh2 Ng3+ 31. Qxg3 Qxg3 32. Rg1 Qh4 33. Rac1
Qxf6 34. Rxc5 Qd4 35. Rb5 Rxb5 36. axb5 Qxd3 37. Ra1 Qxb5 38. Rxa7 Kg7 39. Rb7
Qc5 40. Rd7 Qc1+ 41. Nf1 g5 42. Kh2 Qc8 43. Rb7 Qh8+ 44. Kg1 Qh4 45. Rd7 Kf8
46. Rd5 f6 47. Rb5 Qe1 48. Rb3 f5 49. Rb5 Qe6 50. Ng3 f4 51. Rf5+ Ke7 52. Rxg5
Qb6+ 53. Kh1 1/2-1/2

[Event "Final do II Circuito LXSBC - Grupo A"]
[Site "www.xadreztotal.com.br"]
[Date "1929.??.??"]
[Round "8.4"]
[White "Bispo, Leonardo"]
[Black "Aranha Filho, Alvaro Z"]
[Result "1-0"]
[WhiteElo "2202"]
[BlackElo "2301"]
[PlyCount "119"]
[EventDate "1922.??.??"]

1. d4 d5 2. c4 c6 3. Nc3 Nf6 4. Nf3 e6 5. e3 Nbd7 6. Qc2 Bd6 7. g4 Bb4 8. Bd3
b6 9. h3 Ba6 10. Qa4 dxc4 11. Be2 Nd5 12. Qxa6 Nxc3 13. Bd2 Nd5 14. Bxb4 Nxb4
15. Qxc4 c5 16. dxc5 bxc5 17. O-O-O O-O 18. a3 Nd5 19. e4 N5b6 20. Qc2 Qc7 21.
g5 Ne5 22. Qc3 Nxf3 23. Bxf3 Rab8 24. Rd2 Qf4 25. Qe3 Qc7 26. Be2 Na4 27. Bd1
Nb6 28. Rc2 Rfc8 29. h4 Qe5 30. Be2 c4 31. f4 Qa5 32. Qc3 Qb5 33. Rh3 Qd7 34.
h5 e5 35. h6 Qd4 36. fxe5 Qg1+ 37. Bd1 Rd8 38. Qf3 Qxg5+ 39. Qe3 Qxe5 40. Rhh2
g6 41. Rhf2 Rd3 42. Qe1 Qg5+ 43. Kb1 Qxh6 44. Be2 Rd4 45. Qf1 Qg7 46. Bxc4 Nxc4
47. Rxc4 Rd7 48. Rfc2 h5 49. Qf4 Rbd8 50. e5 Kh7 51. Rc7 Qh6 52. Qa4 Rd1+ 53.
Ka2 Kg8 54. Qc4 R1d5 55. Rf2 Qg7 56. e6 Rd2 57. exf7+ Kh8 58. f8=Q+ Rxf8 59.
Rxf8+ Qxf8 60. Qc3+ 1-0

[Event "Final do II Circuito LXSBC - Grupo A"]
[Site "www.xadreztotal.com.br"]
[Date "1929.??.??"]
[Round "8.5"]
[White "Batista, Renato Luiz"]
[Black "Gerbelli Neto, Eduardo"]
[Result "1/2-1/2"]
[WhiteElo "2183"]
[BlackElo "2171"]
[PlyCount "65"]
[EventDate "1922.??.??"]

1. d4 d5 2. c4 c6 3. Nc3 Nf6 4. cxd5 cxd5 5. Nf3 Nc6 6. Bf4 Bf5 7. e3 e6 8. Bb5
Nd7 9. O-O Rc8 10. Rc1 Be7 11. Ne5 Ndxe5 12. Bxe5 O-O 13. Bg3 a6 14. Bd3 Bxd3
15. Qxd3 b5 16. f3 Qd7 17. Rcd1 Na5 18. b3 Qc6 19. Be1 b4 20. Na4 Qc2 21. Nc5
Qxd3 22. Nxd3 Nc6 23. Rc1 a5 24. Rf2 Na7 25. Rfc2 Rxc2 26. Rxc2 Rc8 27. Rxc8+
Nxc8 28. Kf2 Na7 29. Ke2 Bd6 30. Bg3 Bxg3 31. hxg3 Nc6 32. Nc5 Kf8 33. Kd3
1/2-1/2

[Event "Final do II Circuito LXSBC - Grupo A"]
[Site "www.xadreztotal.com.br"]
[Date "1930.??.??"]
[Round "9.1"]
[White "Gerbelli Neto, Eduardo"]
[Black "Proudian, Armen"]
[Result "1/2-1/2"]
[WhiteElo "2171"]
[BlackElo "2094"]
[PlyCount "87"]
[EventDate "1922.??.??"]

1. e4 e5 2. Nf3 Nc6 3. d4 exd4 4. Nxd4 Bc5 5. Nxc6 Qf6 6. Qf3 Qxf3 7. gxf3 bxc6
8. Rg1 g6 9. Be3 Bxe3 10. fxe3 Rb8 11. b3 d6 12. c4 Ne7 13. Nc3 Bd7 14. O-O-O
c5 15. f4 Bc6 16. Bd3 f6 17. h4 Kd7 18. e5 fxe5 19. fxe5 Rbf8 20. Be4 a6 21.
Rd3 Rd8 22. h5 Bxe4 23. Nxe4 Kc6 24. exd6 cxd6 25. Nf6 Rdf8 26. Ne4 Rd8 27. Ng5
Rdf8 28. Rgd1 Nf5 29. e4 Nd4 30. Ne6 Rf6 31. Nxd4+ cxd4 32. Rxd4 gxh5 33. Rh1
Rh6 34. Rh4 Rg8 35. Rd5 Rg4 36. Rhxh5 Rxh5 37. Rxh5 Rxe4 38. Rxh7 Re2 39. Kb1
Kc5 40. Rh6 Rg2 41. a3 Rg1+ 42. Kc2 Rg2+ 43. Kd1 Rg1+ 44. Kc2 1/2-1/2

[Event "Final do II Circuito LXSBC - Grupo A"]
[Site "www.xadreztotal.com.br"]
[Date "1930.??.??"]
[Round "9.2"]
[White "Aranha Filho, Alvaro Z"]
[Black "Batista, Renato Luiz"]
[Result "1/2-1/2"]
[WhiteElo "2301"]
[BlackElo "2183"]
[PlyCount "178"]
[EventDate "1922.??.??"]

1. d4 Nf6 2. Nf3 e6 3. Bg5 c5 4. c3 b6 5. Nbd2 Bb7 6. e4 h6 7. Bxf6 gxf6 8. Bd3
Nc6 9. d5 Ne7 10. c4 Ng6 11. g3 Qc7 12. Qe2 O-O-O 13. O-O-O Bg7 14. Nf1 Rhe8
15. Ne3 Kb8 16. Qc2 Ne5 17. Nd2 f5 18. f4 Nxd3+ 19. Qxd3 fxe4 20. Nxe4 Bd4 21.
Rhe1 f5 22. Nc3 a6 23. Rd2 Ka7 24. Rde2 Qc8 25. Nc2 Bxc3 26. bxc3 Qa8 27. Ne3
Rf8 28. Rd1 Qc8 29. Kb2 Qc7 30. Ka1 Rde8 31. Rb2 e5 32. Rdb1 e4 33. Qd1 Rf6 34.
Rd2 Qd6 35. Rb3 Rb8 36. Rdb2 Qc7 37. Qb1 Ba8 38. a4 Rb7 39. Ra2 Rb8 40. a5 bxa5
41. Rxb8 Qxb8 42. Qxb8+ Kxb8 43. Rxa5 d6 44. Rxa6 Bb7 45. Ra2 Kc7 46. Kb2 Kb6
47. Kc2 Bc8 48. Rb2+ Kc7 49. Kd2 h5 50. Ke2 h4 51. gxh4 Rh6 52. Kf2 Rxh4 53.
Kg3 Rh8 54. h4 Rg8+ 55. Kh2 Bd7 56. Rg2 Rxg2+ 57. Kxg2 Kd8 58. Nc2 Be8 59. Kg3
Ke7 60. Ne3 Kf6 61. Nf1 Bh5 62. Kf2 Bg4 63. Ke3 Kg6 64. Kf2 Kf6 65. Nd2 Bh5 66.
Nb1 Ke7 67. Na3 Bg4 68. Nc2 Kf6 69. Ne3 Bh5 70. Nf1 Bg4 71. Ke3 Kg6 72. Nd2 Kf6
73. Nb1 Bh5 74. Na3 Ke7 75. Nb5 Kd7 76. Kf2 Bg4 77. Na3 Ke7 78. Ke3 Bh5 79. Kd2
Be8 80. Nb5 Kd7 81. Kc2 Bh5 82. Na3 Be2 83. Kd2 Bh5 84. Nc2 Ke7 85. Ne3 Kf6 86.
Nc2 Ke7 87. Na3 Bg4 88. Ke3 Bh5 89. Nb5 Kd7 1/2-1/2

[Event "Final do II Circuito LXSBC - Grupo A"]
[Site "www.xadreztotal.com.br"]
[Date "1930.??.??"]
[Round "9.3"]
[White "Quintiliano Pinto, Renato R"]
[Black "Bispo, Leonardo"]
[Result "1-0"]
[WhiteElo "2172"]
[BlackElo "2202"]
[PlyCount "69"]
[EventDate "1922.??.??"]

1. d4 Nf6 2. c4 g6 3. f3 c5 4. d5 b5 5. e4 bxc4 6. e5 Nh5 7. Bxc4 Ba6 8. Bxa6
Qa5+ 9. Nc3 Qxa6 10. Nge2 d6 11. e6 Bg7 12. exf7+ Kxf7 13. O-O Re8 14. g4 Nf6
15. Nf4 Qb7 16. Ne6 Na6 17. Qe2 Nc7 18. Nxc7 Qxc7 19. f4 e6 20. dxe6+ Rxe6 21.
Qf3 Ree8 22. f5 gxf5 23. g5 Nd7 24. Qd5+ Ke7 25. Rxf5 Bd4+ 26. Kg2 Ne5 27. Bf4
Qc8 28. Bxe5 Bxe5 29. Raf1 Kd7 30. Ne4 Rb8 31. Rxe5 Rxb2+ 32. Kg1 Kc7 33. Qxd6+
Kb7 34. Rf7+ Ka8 35. Rxe8 1-0

[Event "Final do II Circuito LXSBC - Grupo A"]
[Site "www.xadreztotal.com.br"]
[Date "1930.??.??"]
[Round "9.4"]
[White "Campelo, Leandro Fabricio"]
[Black "Zampronha, Wladimir Camilo"]
[Result "0-1"]
[WhiteElo "2231"]
[BlackElo "2170"]
[PlyCount "84"]
[EventDate "1922.??.??"]

1. e4 c6 2. d4 d5 3. Nd2 dxe4 4. Nxe4 Nf6 5. Nxf6+ gxf6 6. Nf3 Bf5 7. Bc4 e6 8.
Qe2 Nd7 9. c3 Qc7 10. Nh4 Bg6 11. f4 f5 12. Bxe6 fxe6 13. Nxg6 hxg6 14. Qxe6+
Kd8 15. Qxg6 Qa5 16. O-O Qd5 17. Qg3 Kc7 18. Qf3 Nf6 19. Qxd5 cxd5 20. Bd2 Ne4
21. Be3 Kd7 22. g3 Rc8 23. Kg2 Bd6 24. Rh1 b5 25. a3 a5 26. Kf3 Ke6 27. h3 Rh7
28. Rh2 Rch8 29. Rah1 b4 30. axb4 axb4 31. cxb4 Bxb4 32. h4 Rg8 33. Rg2 Rhg7
34. Rh3 Be1 35. h5 Rxg3+ 36. Rgxg3 Rxg3+ 37. Rxg3 Bxg3 38. b4 Be1 39. b5 Ba5
40. Kg2 Nd6 41. Kh3 Kf7 42. Kh4 Bd8+ 0-1

[Event "Final do II Circuito LXSBC - Grupo A"]
[Site "www.xadreztotal.com.br"]
[Date "1930.??.??"]
[Round "9.5"]
[White "Maia, Luciano Malta"]
[Black "Barbosa, Fernando"]
[Result "1/2-1/2"]
[WhiteElo "2322"]
[BlackElo "2070"]
[PlyCount "41"]
[EventDate "1922.??.??"]

1. c4 Nf6 2. Nc3 e6 3. e4 d5 4. e5 d4 5. exf6 dxc3 6. bxc3 Qxf6 7. d4 Bd6 8.
Nf3 h6 9. Bd3 Nc6 10. Be4 Bd7 11. O-O O-O 12. Re1 Rfe8 13. Be3 Rad8 14. Qc1 b6
15. Kh1 e5 16. c5 bxc5 17. dxc5 Bf8 18. Qa3 Bf5 19. Qa4 Bxe4 20. Qxe4 Qe6 21.
Qa4 1/2-1/2